Marx Brothers Films Quiz Stats

 Plays Quiz Updated Oct 25, 2021

     
Support Sporcle.
Go Orange.
Score 0/13 Timer 04:00
0 Plays Today
Year Film % Correct
1933Duck Soup
92.1%
1935A Night at the Opera
83.3%
1937A Day at the Races
74.6%
1932Horse Feathers
61.7%
1930Animal Crackers
57.8%
1929The Cocoanuts
46.2%
1931Monkey Business
42.7%
1946A Night in Casablanca
35.3%
1941The Big Store
31.7%
1940Go West
31.5%
1939At the Circus
28.7%
1938Room Service
26%
1949Love Happy
23.4%

From the Vault

Middle Word Movies: 21st Century

by DrCbus

Movies 8m
We're exploiting the fact that people normally remember just the beginning and end.
Remove Ads.
Support Sporcle.
Get the best of Sporcle when you Go Orange. This ad-free experience offers more features, more stats, and more fun while also helping to support Sporcle. Thank you for becoming a member.

Show Comments

Extras

Top Quizzes Today


Score Distribution

Your Account Isn't Verified!

In order to create a playlist on Sporcle, you need to verify the email address you used during registration. Go to your Sporcle Settings to finish the process.

Report this User

Report this user for behavior that violates our Community Guidelines.

Details: